000 00565nam a2200181Ia 4500
001 20039
005 20260306172737.0
008 260306t2012||||xx |||||||||||||| ||spa||
041 _aESP
082 _a342.211
_bCH533
100 _aChávez-Fernández Postigo, José
_eAUT
245 0 _aLa dignidad como fundamento de los derechos humanos en las sentencias del Tribunal Constitucional Peruano:
_bla tensión entre la mera autonomía y la libertad ontológica
260 _c2012
300 _a
_c
650 _aGEN
654 _aCDE
942 _cLIB
_dJUS
_fJUS
_2ddc
_n
999 _c20039
_d20039